Dlhodobé pohľadávky a dlhodobé záväzky v bežnom účtovníctve a v účtovnej závierke diplomová práca

Salvato in:
Dettagli Bibliografici
Autore principale: Majerčáková, Zuzana
Ente Autore: Fakulta hospodárskej informatiky EU. Katedra účtovníctva a audítorstva
Altri autori: Soukupová, Božena
Natura: Libro
Lingua:slovacco
Pubblicazione: Bratislava 2009
Tags: Aggiungi Tag
Nessun Tag, puoi essere il primo ad aggiungerne!!

MARC

LEADER 00000nam$a2200000$$$4500
001 0097639
005 20240318134621.7
041 0 |a slo 
044 |a SK 
245 1 0 |a Dlhodobé pohľadávky a dlhodobé záväzky v bežnom účtovníctve a v účtovnej závierke  |b diplomová práca  |c Zuzana Majerčáková ; škol. Božena Soukupová 
264 1 |a Bratislava  |c 2009 
300 |a 72 s. 
100 1 |a Majerčáková, Zuzana 
700 1 |a Soukupová, Božena 
710 2 |a Fakulta hospodárskej informatiky EU. Katedra účtovníctva a audítorstva